Science Quiz

Random Science or Biology Quiz

Amino Acid Abbreviations (3-letter) Quiz Stats

 Plays Quiz Updated Oct 17, 2018

Support Sporcle.
Go Orange.
Score 0/20 Timer 01:00
2 Plays Today
Amino Acid Abbreviation % Correct
AlanineAla
99.4%
ArginineArg
99.3%
CysteineCys
97%
Glutamic AcidGlu
95.8%
Aspartic AcidAsp
94.8%
GlycineGly
94.5%
HistidineHis
94.1%
LeucineLeu
90.2%
LysineLys
89.2%
MethionineMet
88.2%
Amino Acid Abbreviation % Correct
PhenylalaninePhe
85.8%
ProlinePro
85.3%
GlutamineGln
85.2%
AsparagineAsn
84.7%
SerineSer
84.3%
IsoleucineIle
84.1%
ThreonineThr
82.5%
TryptophanTrp
73.5%
TyrosineTyr
73.2%
ValineVal
71.6%

You're not logged in!

Compare scores with friends on all Sporcle quizzes.
OR
Log In
Remove Ads.
Support Sporcle.
Get the best of Sporcle when you Go Orange. This ad-free experience offers more features, more stats, and more fun while also helping to support Sporcle. Thank you for becoming a member.

Show Comments

Extras

Top Quizzes Today


Score Distribution

Your Account Isn't Verified!

In order to create a playlist on Sporcle, you need to verify the email address you used during registration. Go to your Sporcle Settings to finish the process.

Report this User

Report this user for behavior that violates our Community Guidelines.

Details: